000
00476nam a2200169Ia 4500
008
090711s9999 xx 000 0 und d
082
_b
72433
100
_a
खाडीलकर उषा
245
_a
मला हवीस तू
260
_c
1989
300
_a
188
600
_a
खाडीलकर उषा
630
_a
मला हवीस तू
700
_a
खाडीलकर उषा
730
_a
मला हवीस तू
942
_c
BOOK
999
_c
304336
_d
304336